Пропуск в контексте

Противодействие легализации (отмыванию) доходов, полученных преступным путем и финансированию терроризма в аудиторской деятельности Практическое пособие

В пособии рассмотрены правовые основы системы противодействия легализации (отмыванию) доходов изложена суть Концепции национальной стратегии противодействия легализации (отмыванию) доходов полученных преступным путем и финансированию терроризма проанализированы функции участников национальной систем...

Fuld beskrivelse

Сохранить в:
Bibliografiske detaljer
Hovedforfatter: Кобозева Н.В
Format: Практическое пособие
Udgivelse:1
Online adgang:https://znanium.com/catalog/document?id=399398
https://znanium.com/cover/1834/1834414.jpg
Tags: Tilføj Tag
Ingen Tags, Vær først til at tagge denne postø!
LEADER 04142nam0a2200349 i 4500
001 RU\infra-m\znanium\bibl\1834414
003 https://znanium.com/catalog/document?id=399398
005 20250416000000.0
010 |a 978-5-9776-0215-0 
010 |a 978-5-16-110221-3  |b электр. издание 
010 |a 978-5-16-005270-0  |b ISBN соиздателя 
100 |a 20250416d2022 m y0rusy0150 ca 
101 0 |a rus 
102 |a RU 
200 1 |a Противодействие легализации (отмыванию) доходов, полученных преступным путем и финансированию терроризма в аудиторской деятельности  |e Практическое пособие  |f Финансовый университет при Правительстве Российской Федерации 
205 |a 1 
210 1 |a Москва  |c Издательство "Магистр"  |d 2022 
215 |a 128 с. 
330 |a В пособии рассмотрены правовые основы системы противодействия легализации (отмыванию) доходов изложена суть Концепции национальной стратегии противодействия легализации (отмыванию) доходов полученных преступным путем и финансированию терроризма проанализированы функции участников национальной системы противодействия легализации преступных доходов. Систематизированы меры направленные на противодействие легализации (отмыванию) доходов полученных преступным путем и финансированию терроризма а также положения законодательства устанавливающего ответственность за нарушение требований по противодействию отмыванию денег. Разграничены обязанности аудиторов по соблюдению антилегализационного законодательства при проведении аудита и при оказании бухгалтерских и юридических услуг. Предложены формы документов необходимых для эффективного функционирования системы внутреннего контроля аудиторской организации в целях противодействия легализации доходов полученных преступным путем и финансирования терроризма. Для аудиторов руководителей предприятий бухгалтеров преподавателей вузов студентов экономических специальностей 
333 |a Дополнительное профессиональное образование 
606 |a Право. Юридические науки  |x Финансовое право  |2 local 
608 |a Практическое пособие  |2 local 
675 |a 34:657.6(47+57)+343.359(4  |z rus 
686 |a 67.402.02(2Рос)+67.408.12  |2 rubbk 
686 |a 38.03.01  |2 okso 
686 |a 38.04.01  |2 okso 
686 |a 40.03.01  |2 okso 
686 |a 40.04.01  |2 okso 
700 1 |a Кобозева  |b Н.В.  |g Надежда Васильевна  |p Финансовый университет при Правительстве Российской Федерации 
801 0 |a RU  |b Общество с ограниченной ответственностью «ЗНАНИУМ»  |c 20210807  |2 rusmarc 
856 4 |a znanium.com  |m ebs_support@infra-m.ru  |n НИЦ ИНФРА-М  |u https://znanium.com/catalog/document?id=399398 
856 4 1 |a znanium.com  |d /cover/1834  |f 1834414.jpg  |q image/jpeg  |u https://znanium.com/cover/1834/1834414.jpg 
Cannot write session to /tmp/vufind_sessions/sess_al0gjb6h8fhuj0s7agfhk4rmem